[Event "DEM U12/U12w 2007"]
[Site "Willingen GER"]
[Date "2007.05.27"]
[Round "1"]
[White "Kaphle, Sebastian"]
[Black "Stephan, Michael"]
[Result "0-1"]
[Termination "normal"]
[Board "1"]
[WhiteElo "2010"]
[BlackElo "1501"]
[PlyCount "64"]
[WhiteFideId "24626708"]
[BlackFideId "24656852"]
[EventCountry "GER"]
[EventRounds "11"]
[EventType "swiss"]
[EventDate "2007.05.26"]

1. e4 e5 2. Bc4 Nc6 3. Nc3 Bc5 4. Nge2 Qh4 5. Ng3 Nf6 6. h3 d6 7. d3 Be6 8. Bb3
O-O 9. Na4 Nd7 10. O-O Nd4 11. Nxc5 Nxc5 12. Be3 Ncxb3 13. axb3 Nc6 14. Qd2 h6
15. Ra4 Bd7 16. Rfa1 a6 17. c3 Ne7 18. R4a3 f5 19. exf5 Nxf5 20. Nxf5 Rxf5 21.
Qe2 Rf6 22. Kh2 Rg6 23. Qf3 Bc6 24. g3 Bxf3 25. gxh4 Rg2+ 26. Kh1 Rf8 27. h5
Bc6 28. f3 Bxf3 29. Rf1 Rxb2+ 30. Rxf3 Rxf3 31. Ba7 Rf1+ 32. Bg1 Rbb1 0-1

[Event "DEM U12/U12w 2007"]
[Site "Willingen GER"]
[Date "2007.05.27"]
[Round "1"]
[White "Moritz, Aron"]
[Black "Friedrich, Wiede"]
[Result "0-1"]
[Termination "normal"]
[Board "2"]
[WhiteElo "1494"]
[BlackElo "1906"]
[PlyCount "96"]
[WhiteFideId "24672319"]
[BlackFideId "24629537"]
[EventCountry "GER"]
[EventRounds "11"]
[EventType "swiss"]
[EventDate "2007.05.26"]

1. e4 c5 2. Nf3 d6 3. d4 cxd4 4. Nxd4 Nf6 5. Nc3 g6 6. Bc4 Bg7 7. O-O O-O 8. h3
Nxe4 9. Nxe4 d5 10. Bb3 dxe4 11. Nb5 Qa5 12. a4 Na6 13. Bd2 Qd8 14. Bc3 Nc5 15.
Bc4 Be6 16. Bxe6 Nxe6 17. Qe2 a6 18. Bxg7 Nxg7 19. Nc3 f5 20. Rfd1 Qc7 21. Nd5
Qe5 22. Qc4 Rf7 23. Nb6 Re8 24. Nd7 Qe6 25. Qb4 e3 26. fxe3 Qxe3+ 27. Kh1 Nh5
28. Re1 Qf2 29. Qxb7 Qxc2 30. Ne5 Rff8 31. Qd5+ e6 32. Qd4 Rb8 33. Nc4 Rfd8 34.
Qh4 f4 35. Rec1 Qf5 36. Qf2 Rd3 37. Rc3 Ng3+ 38. Kh2 Rf8 39. Rxd3 Qxd3 40. Ne5
Qd5 41. Nf3 e5 42. Re1 e4 43. Qd4 Qxd4 44. Nxd4 Kf7 45. Rc1 Kf6 46. Kg1 Rd8 47.
Rc4 Rxd4 48. Rxd4 Ne2+ 0-1

[Event "DEM U12/U12w 2007"]
[Site "Willingen GER"]
[Date "2007.05.27"]
[Round "1"]
[White "Hampel, Felix"]
[Black "Pohl, Theresa"]
[Result "1-0"]
[Termination "normal"]
[Board "3"]
[WhiteElo "1879"]
[BlackElo "1482"]
[PlyCount "103"]
[WhiteFideId "24668125"]
[EventCountry "GER"]
[EventRounds "11"]
[EventType "swiss"]
[EventDate "2007.05.26"]

1. e4 Nc6 2. d4 d5 3. Nc3 dxe4 4. d5 Ne5 5. Qd4 Ng6 6. Qxe4 Nf6 7. Qa4+ Bd7 8.
Bb5 a6 9. Bxd7+ Qxd7 10. Qb3 O-O-O 11. Be3 Nxd5 12. O-O-O e6 13. Nxd5 exd5 14.
Nf3 Be7 15. h4 Bf6 16. Kb1 Ne5 17. Nxe5 Bxe5 18. Bg5 f6 19. Bc1 Qd6 20. Qh3+
Kb8 21. g3 Qb6 22. f4 Bc3 23. Rd3 d4 24. Ka1 Bb4 25. Qg4 Rhg8 26. Rhd1 Bc5 27.
f5 Kc8 28. Qe2 Rge8 29. Qd2 Re7 30. g4 Re4 31. Qg2 Rde8 32. Bd2 Re2 33. Qf3
R2e4 34. Qh3 h6 35. g5 hxg5 36. hxg5 Rf8 37. g6 Rfe8 38. Qf3 Kb8 39. a3 Kc8 40.
Ka2 Kb8 41. Ra1 Qc6 42. Rb3 Qd5 43. Rf1 Qc4 44. Rf2 Qxc2 45. Bh6 Qc4 46. Bxg7
d3 47. Rd2 Bb6 48. Qxd3 Qxd3 49. Rbxd3 Rf4 50. Rd8+ Rxd8 51. Rxd8+ Ka7 52. Bxf6
1-0

[Event "DEM U12/U12w 2007"]
[Site "Willingen GER"]
[Date "2007.05.27"]
[Round "1"]
[White "Höpfner, Tim"]
[Black "Zier, Oliver"]
[Result "0-1"]
[Termination "normal"]
[Board "4"]
[WhiteElo "1478"]
[BlackElo "1878"]
[PlyCount "54"]
[WhiteFideId "4638310"]
[BlackFideId "24631906"]
[EventCountry "GER"]
[EventRounds "11"]
[EventType "swiss"]
[EventDate "2007.05.26"]

1. d4 d5 2. c4 e6 3. Nf3 Nf6 4. g3 Be7 5. Bg2 O-O 6. O-O dxc4 7. Qc2 a6 8. Qxc4
b5 9. Qc2 Bb7 10. Bg5 Nbd7 11. Bxf6 Nxf6 12. Nbd2 Rc8 13. Nb3 Be4 14. Qc3 Nd5
15. Qd2 Bb4 16. Qd1 c5 17. a3 c4 18. axb4 cxb3 19. Qxb3 Qd6 20. Ne1 Bxg2 21.
Kxg2 Rc4 22. e3 Rxb4 23. Qa3 Qc6 24. Kg1 Ra4 25. Qc5 Qxc5 26. Rxa4 Qc6 27. Ra1
Nf6 0-1

[Event "DEM U12/U12w 2007"]
[Site "Willingen GER"]
[Date "2007.05.27"]
[Round "1"]
[White "Klek, Hanna-Marie"]
[Black "Schmitt, Katrin"]
[Result "1-0"]
[Termination "normal"]
[Board "5"]
[WhiteElo "1865"]
[BlackElo "1472"]
[PlyCount "129"]
[WhiteFideId "24670057"]
[BlackFideId "24654400"]
[EventCountry "GER"]
[EventRounds "11"]
[EventType "swiss"]
[EventDate "2007.05.26"]

1. e4 e5 2. Nf3 Nc6 3. d4 exd4 4. Nxd4 Bc5 5. Nb3 Bb6 6. a4 a5 7. Nc3 d6 8. Be2
Nge7 9. O-O O-O 10. Bg5 h6 11. Bh4 Be6 12. Nd5 Bxd5 13. exd5 Ne5 14. Re1 Qd7
15. Bb5 c6 16. dxc6 bxc6 17. Bxe7 Qxe7 18. Bxc6 Rac8 19. Bd5 Qf6 20. Rf1 Qf5
21. Rc1 Ng4 22. Bf3 Ne5 23. Be2 Rfd8 24. c3 Qg5 25. Nd4 Nc4 26. Bxc4 Rxc4 27.
Qb3 Qc5 28. Rcd1 d5 29. Rde1 Bc7 30. Nb5 Rg4 31. Qd1 Rg5 32. Nxc7 Qxc7 33. Re3
Qb6 34. Qd2 Qb3 35. Ra1 Rb8 36. Re2 Rg4 37. Ra3 Qb7 38. h3 Rg6 39. Qd4 Qd7 40.
Kf1 Qf5 41. Ra1 Rgb6 42. Rd1 Rxb2 43. Qxd5 Qxd5 44. Rxd5 Rb1+ 45. Re1 Rxe1+ 46.
Kxe1 Ra8 47. Kd2 Kf8 48. Kd3 Ke7 49. Kd4 Ke6 50. c4 Ra6 51. c5 Rc6 52. Rd8 Ra6
53. Rb8 Kd7 54. Rb7+ Ke6 55. Kc4 g6 56. Kb5 Ra8 57. c6 f6 58. Kb6 Kd6 59. Rd7+
Ke6 60. Kb7 Re8 61. Rd2 Re7+ 62. c7 Kf7 63. Kb8 Re8+ 64. Rd8 Rxd8+ 65. cxd8=Q
1-0

[Event "DEM U12/U12w 2007"]
[Site "Willingen GER"]
[Date "2007.05.27"]
[Round "1"]
[White "Marx, Inga"]
[Black "Sarchisov, Slavik"]
[Result "0-1"]
[Termination "normal"]
[Board "6"]
[WhiteElo "1469"]
[BlackElo "1746"]
[PlyCount "54"]
[WhiteFideId "4654749"]
[BlackFideId "24647888"]
[EventCountry "GER"]
[EventRounds "11"]
[EventType "swiss"]
[EventDate "2007.05.26"]

1. e4 d6 2. Nc3 Nf6 3. g3 g6 4. Bg2 Bg7 5. Nge2 O-O 6. O-O e5 7. d3 c5 8. f4
Nc6 9. f5 a6 10. fxg6 fxg6 11. a4 Be6 12. Be3 Qb6 13. Qd2 Nd4 14. b3 Kh8 15.
Rac1 Ng4 16. Bg5 c4 17. Be3 Nxe3 18. Rfe1 Nxe2+ 19. Qxe2 Nd1+ 20. Kh1 Nxc3 21.
Qd2 Na2 22. Rb1 c3 23. Qe2 Rf2 24. Qd1 Nb4 25. Rc1 Bh6 26. Rb1 Rxc2 27. Ra1 Rf8
0-1

[Event "DEM U12/U12w 2007"]
[Site "Willingen GER"]
[Date "2007.05.27"]
[Round "1"]
[White "Bauer, Andreas"]
[Black "Rührmund, Daniel"]
[Result "1-0"]
[Termination "normal"]
[Board "7"]
[WhiteElo "1816"]
[BlackElo "1818"]
[PlyCount "139"]
[WhiteFideId "4625030"]
[BlackFideId "24674583"]
[EventCountry "GER"]
[EventRounds "11"]
[EventType "swiss"]
[EventDate "2007.05.26"]

1. c4 c5 2. Nc3 e6 3. e4 d6 4. d3 Nc6 5. g3 g6 6. Bg2 Bg7 7. Nge2 Nge7 8. O-O
O-O 9. f4 a6 10. Be3 f5 11. d4 b6 12. dxc5 dxc5 13. e5 Bb7 14. Na4 Qc7 15. Qb3
Rab8 16. Qxb6 Qxb6 17. Nxb6 Nd4 18. Nxd4 Bxg2 19. Kxg2 Rxb6 20. Nb3 Rc8 21.
Bxc5 Rb7 22. Rac1 Bf8 23. Rf2 Rbc7 24. Rfc2 Nc6 25. Bxf8 Kxf8 26. a3 Ke7 27.
Rd2 a5 28. Nd4 Nxd4 29. Rxd4 Rb8 30. Rc2 Rc5 31. Kf2 a4 32. Ke2 h6 33. Kd2 g5
34. Rd3 Rbc8 35. Rd4 gxf4 36. gxf4 Rg8 37. Kc3 Rc7 38. Rcd2 Rg4 39. b4 axb3 40.
Kxb3 Rb7+ 41. Kc3 Rh4 42. Ra2 Rb1 43. a4 Rc1+ 44. Rc2 Ra1 45. c5 Rh3+ 46. Kb4
Rb1+ 47. Kc4 Rhb3 48. Rcd2 Rb7 49. Kd3 R1b3+ 50. Ke2 Rc3 51. a5 Rxc5 52. a6 Ra7
53. Ra2 Rc6 54. Rda4 Rb6 55. Kd3 Kd7 56. Kc4 Rc7+ 57. Kd4 Ra7 58. Kc5 Kc7 59.
Ra5 Rc6+ 60. Kb4 Rb6+ 61. Kc4 Kd7 62. Kd4 Rc6 63. Ke3 Ke8 64. Kf3 Kf7 65. Kg3
Kg6 66. Kg2 Kg7 67. R5a3 Kf7 68. Kh3 Kg7 69. Kh4 Kh7 70. Kh5 1-0

[Event "DEM U12/U12w 2007"]
[Site "Willingen GER"]
[Date "2007.05.27"]
[Round "1"]
[White "Preiß, Vincent"]
[Black "Osmanodja, Filiz"]
[Result "0-1"]
[Termination "normal"]
[Board "8"]
[WhiteElo "1452"]
[BlackElo "1813"]
[PlyCount "70"]
[WhiteFideId "24660850"]
[BlackFideId "24633569"]
[EventCountry "GER"]
[EventRounds "11"]
[EventType "swiss"]
[EventDate "2007.05.26"]

1. d4 Nf6 2. c4 e6 3. Nc3 Bb4 4. Bg5 h6 5. Bd2 O-O 6. e3 b6 7. Bd3 Bb7 8. Nf3
d5 9. b3 Nbd7 10. O-O c5 11. Re1 Rc8 12. Nb5 dxc4 13. Bxb4 cxd3 14. Ba3 Ba6 15.
Nd6 Rc6 16. Nc4 Re8 17. Qxd3 b5 18. Nce5 Rd6 19. Nxd7 Nxd7 20. Qd2 b4 21. Bb2
e5 22. Rad1 e4 23. Qc2 exf3 24. dxc5 Nxc5 25. Rxd6 Qxd6 26. Rd1 Bd3 27. Qd2 Qg6
28. g3 Qf5 29. Kh1 Ne4 30. Qe1 Qh3 31. Qg1 Be2 32. Re1 Rc8 33. a3 Rc2 34. Bc1
Bc4 35. Qf1 Bxf1 0-1

[Event "DEM U12/U12w 2007"]
[Site "Willingen GER"]
[Date "2007.05.27"]
[Round "1"]
[White "Mons, Leon"]
[Black "Gubela, Hans-Erich Constantin"]
[Result "1-0"]
[Termination "normal"]
[Board "9"]
[WhiteElo "1790"]
[BlackElo "1448"]
[PlyCount "60"]
[WhiteFideId "4614950"]
[BlackFideId "24692140"]
[EventCountry "GER"]
[EventRounds "11"]
[EventType "swiss"]
[EventDate "2007.05.26"]

1. e4 c5 2. Nf3 e6 3. d3 Be7 4. g3 b6 5. Bg2 Bb7 6. O-O d6 7. Re1 Nd7 8. Nbd2
Qc7 9. Nf1 Ngf6 10. c3 O-O 11. h4 Rad8 12. Qc2 c4 13. d4 Bxe4 14. Rxe4 Nxe4 15.
Qxe4 d5 16. Qe2 b5 17. N1h2 b4 18. Ng4 a5 19. Bh3 Nf6 20. Bf4 Qb6 21. Bg5 Qc7
22. Bxf6 Bxf6 23. Nxf6+ gxf6 24. Nh2 e5 25. Bf5 Kg7 26. Qg4+ Kh6 27. h5 Rg8 28.
Qh4 Qd6 29. Ng4+ Kg7 30. h6+ Kf8 1-0

[Event "DEM U12/U12w 2007"]
[Site "Willingen GER"]
[Date "2007.05.27"]
[Round "1"]
[White "Winterholler, Christina"]
[Black "Babayev, Ramil"]
[Result "0-1"]
[Termination "normal"]
[Board "10"]
[WhiteElo "1447"]
[BlackElo "1776"]
[PlyCount "92"]
[WhiteFideId "24652105"]
[BlackFideId "24664243"]
[EventCountry "GER"]
[EventRounds "11"]
[EventType "swiss"]
[EventDate "2007.05.26"]

1. e4 c5 2. Nf3 e6 3. d3 Nc6 4. g3 d6 5. Bg2 Be7 6. O-O Bf6 7. c3 Nge7 8. Nbd2
O-O 9. Re1 e5 10. Nf1 b5 11. b3 a5 12. Bg5 Bxg5 13. Nxg5 b4 14. c4 Ng6 15. Qh5
h6 16. Nf3 Bd7 17. Ne3 Qc8 18. h3 Be6 19. Nd5 Bxd5 20. exd5 Nce7 21. Nh4 Nxh4
22. gxh4 Qf5 23. Qxf5 Nxf5 24. h5 Nd4 25. Re4 a4 26. Rb1 axb3 27. axb3 Ra3 28.
Ree1 Rfa8 29. Rb2 Rxb3 30. Rxb3 Nxb3 31. Rb1 Ra1 32. Rxa1 Nxa1 33. d4 exd4 34.
Be4 Nb3 35. f4 Nd2 36. Bd3 b3 37. Kf2 b2 38. Ke2 b1=Q 39. Bxb1 Nxb1 40. Kd3 Na3
41. h4 Kf8 42. f5 Ke7 43. Ke4 Nxc4 44. Kd3 Nb6 45. Ke4 Kf6 46. Kd3 Kxf5 0-1

[Event "DEM U12/U12w 2007"]
[Site "Willingen GER"]
[Date "2007.05.27"]
[Round "1"]
[White "Kyas, Philipp"]
[Black "Urban, Lars"]
[Result "1-0"]
[Termination "normal"]
[Board "11"]
[WhiteElo "1767"]
[BlackElo "1441"]
[PlyCount "69"]
[WhiteFideId "24670936"]
[BlackFideId "4644034"]
[EventCountry "GER"]
[EventRounds "11"]
[EventType "swiss"]
[EventDate "2007.05.26"]

1. d4 d5 2. Bf4 Nf6 3. e3 c5 4. c3 e6 5. Nd2 Nc6 6. Ngf3 cxd4 7. cxd4 Bd7 8.
Bb5 Qb6 9. Bxc6 Bxc6 10. Qc2 Be7 11. O-O O-O 12. Qb3 Qxb3 13. Nxb3 Rac8 14.
Rfc1 Ba4 15. Nc5 Bxc5 16. dxc5 Ne4 17. b3 Bb5 18. a4 Be2 19. Nd4 Bh5 20. b4 a6
21. Ra2 Rfe8 22. Nb3 e5 23. Bg3 Nxg3 24. hxg3 Red8 25. Na5 b6 26. Nb7 Rd7 27.
c6 Rdc7 28. b5 a5 29. Rd2 Kf8 30. Rxd5 f6 31. Rc3 Bg6 32. Rd7 Bf5 33. Nd6 Bxd7
34. cxd7 Rxd7 35. Nxc8 1-0

[Event "DEM U12/U12w 2007"]
[Site "Willingen GER"]
[Date "2007.05.27"]
[Round "1"]
[White "Sasse, Fabius"]
[Black "Marquardt, Patrick"]
[Result "1/2-1/2"]
[Termination "normal"]
[Board "12"]
[WhiteElo "1415"]
[BlackElo "1757"]
[PlyCount "56"]
[WhiteFideId "24659657"]
[BlackFideId "4670086"]
[EventCountry "GER"]
[EventRounds "11"]
[EventType "swiss"]
[EventDate "2007.05.26"]

1. e4 c5 2. Nf3 Nc6 3. d4 cxd4 4. Nxd4 e5 5. Nb5 a6 6. Nd6+ Bxd6 7. Qxd6 Qf6 8.
Qxf6 Nxf6 9. Nc3 d5 10. exd5 Nb4 11. Be3 Nbxd5 12. Bd2 O-O 13. Nxd5 Nxd5 14.
Bc4 Be6 15. Bxd5 Bxd5 16. O-O Rac8 17. c3 Rfd8 18. Be3 f6 19. f3 b5 20. Rfd1
Be6 21. Rxd8+ Rxd8 22. Kf2 f5 23. g3 h6 24. h4 Kf7 25. b3 Rc8 26. Rc1 a5 27.
Rc2 Kf6 28. f4 e4 1/2-1/2

[Event "DEM U12/U12w 2007"]
[Site "Willingen GER"]
[Date "2007.05.27"]
[Round "1"]
[White "Titgemeyer, Sven"]
[Black "Matschewsky, Justus"]
[Result "1-0"]
[Termination "normal"]
[Board "13"]
[WhiteElo "1731"]
[BlackElo "1413"]
[PlyCount "71"]
[WhiteFideId "24676934"]
[BlackFideId "24678708"]
[EventCountry "GER"]
[EventRounds "11"]
[EventType "swiss"]
[EventDate "2007.05.26"]

1. e4 e5 2. Nf3 Nc6 3. Bb5 a6 4. Ba4 Nf6 5. O-O Be7 6. Re1 b5 7. Bb3 O-O 8. c3
d6 9. h3 Bb7 10. d4 exd4 11. cxd4 Na5 12. Bc2 c5 13. d5 Nc4 14. Qd3 Qc7 15. b3
Ne5 16. Nxe5 dxe5 17. Bb2 Bd6 18. f4 Rfe8 19. Nd2 Re7 20. Nf3 Rae8 21. fxe5
Bxe5 22. Bxe5 Rxe5 23. Nxe5 Qxe5 24. Rad1 Rd8 25. Qe3 Nd7 26. Rd3 Rc8 27. Qg3
Qb2 28. Rd2 Qxa2 29. e5 Qa5 30. Qd3 Qb6 31. Qxh7+ Kf8 32. Qh8+ Ke7 33. d6+ Ke6
34. Bf5+ Kxf5 35. Qh5+ Ke6 36. Qg5 1-0

[Event "DEM U12/U12w 2007"]
[Site "Willingen GER"]
[Date "2007.05.27"]
[Round "1"]
[White "Hümmecke, Miriam"]
[Black "Möhn, Hans"]
[Result "0-1"]
[Termination "normal"]
[Board "14"]
[WhiteElo "1401"]
[BlackElo "1759"]
[PlyCount "102"]
[BlackFideId "24647837"]
[EventCountry "GER"]
[EventRounds "11"]
[EventType "swiss"]
[EventDate "2007.05.26"]

1. e4 c5 2. c3 d5 3. exd5 Qxd5 4. d4 Nf6 5. Nf3 Bg4 6. Be2 e6 7. Be3 Ne4 8.
Nbd2 cxd4 9. Bxd4 Nxd2 10. Qxd2 Nc6 11. O-O-O Nxd4 12. Qxd4 Qxd4 13. Rxd4 Bf5
14. Bb5+ Ke7 15. Rd7+ Kf6 16. Rxb7 Bc5 17. Rf1 Be4 18. Rc7 Bb6 19. Rc4 Bd5 20.
Rf4+ Ke7 21. Kb1 Bc7 22. Rg4 g6 23. Be2 f5 24. Rd4 Rab8 25. h3 Be4+ 26. Ka1 Bb6
27. Rd2 Rhd8 28. Rdd1 Rxd1+ 29. Bxd1 Bd3 30. Re1 Bxf2 31. Re5 Kf6 32. Bb3 Rb6
33. g4 h6 34. Bd1 Bf1 35. gxf5 gxf5 36. Ra5 Bxh3 37. Nd4 e5 38. Ne2 f4 39. Ra4
Bf5 40. Nc1 Rd6 41. Bb3 h5 42. Rb4 Rb6 43. Rc4 h4 44. Bd1 e4 45. Be2 f3 46. Bf1
e3 47. Rf4 e2 48. Nxe2 fxe2 49. Bxe2 Re6 50. Bd3 Re1+ 51. Bb1 Rxb1# 0-1

[Event "DEM U12/U12w 2007"]
[Site "Willingen GER"]
[Date "2007.05.27"]
[Round "1"]
[White "Gisy, Roberto"]
[Black "Stövesand, Eric"]
[Result "0-1"]
[Termination "normal"]
[Board "15"]
[WhiteElo "1823"]
[BlackElo "1387"]
[PlyCount "57"]
[BlackFideId "24651117"]
[EventCountry "GER"]
[EventRounds "11"]
[EventType "swiss"]
[EventDate "2007.05.26"]

1. e4 e5 2. Bc4 Nf6 3. Nc3 Nc6 4. d3 Bc5 5. f4 d6 6. f5 h6 7. Na4 Bd4 8. Ne2 a6
9. Nac3 Ba7 10. Nd5 Ng4 11. d4 exd4 12. Nxd4 Nge5 13. Nxc6 bxc6 14. Ne3 Bxe3
15. Bxf7+ Nxf7 16. Bxe3 Qh4+ 17. Kd2 O-O 18. g4 Ne5 19. h3 Nc4+ 20. Ke2 Nxe3
21. Kxe3 Re8 22. Kf3 Bb7 23. Qd4 d5 24. exd5 cxd5 25. Rh2 Re4 26. Qd2 d4 27.
Kg2 Re2+ 28. Kf1 Rxd2 29. Rxd2 0-1

[Event "DEM U12/U12w 2007"]
[Site "Willingen GER"]
[Date "2007.05.27"]
[Round "1"]
[White "Müller, Alexandra"]
[Black "Schreiner, Till"]
[Result "1-0"]
[Termination "normal"]
[Board "16"]
[WhiteElo "1375"]
[BlackElo "2003"]
[PlyCount "75"]
[WhiteFideId "24691496"]
[BlackFideId "24675555"]
[EventCountry "GER"]
[EventRounds "11"]
[EventType "swiss"]
[EventDate "2007.05.26"]

1. e4 c5 2. Nf3 d6 3. d4 cxd4 4. Nxd4 Nf6 5. Nc3 a6 6. Be2 e5 7. Nb3 Be7 8. O-O
Qc7 9. h3 Be6 10. Be3 Nbd7 11. Nd2 b5 12. Bd3 Nb6 13. a3 Nc4 14. Nxc4 Bxc4 15.
f3 Rc8 16. Rc1 O-O 17. Qe2 Rfd8 18. Rfd1 Qb7 19. Bxc4 Rxc4 20. Rd3 Rdc8 21. Qd2
b4 22. axb4 Qxb4 23. Rb1 a5 24. Qc1 a4 25. Bd2 Qc5+ 26. Kh1 Qc6 27. b3 Rc5 28.
bxa4 Bd8 29. Rb3 Ba5 30. Qb2 Bxc3 31. Rbxc3 Qxa4 32. Rxd6 Rxc3 33. Bxc3 Ne8 34.
Rd3 h6 35. Qb3 Qxb3 36. cxb3 f6 37. Ba5 Nc7 38. Rc3 1-0

[Event "DEM U12/U12w 2007"]
[Site "Willingen GER"]
[Date "2007.05.27"]
[Round "1"]
[White "Schäfer, Daniela"]
[Black "Schreiber, Kevin"]
[Result "1-0"]
[Termination "normal"]
[Board "17"]
[WhiteElo "1718"]
[BlackElo "1352"]
[PlyCount "45"]
[WhiteFideId "4624769"]
[BlackFideId "24655830"]
[EventCountry "GER"]
[EventRounds "11"]
[EventType "swiss"]
[EventDate "2007.05.26"]

1. e4 d5 2. exd5 Qxd5 3. Nc3 Qa5 4. d4 c6 5. Nf3 Nf6 6. Ne5 Bf5 7. Bd2 Qc7 8.
g4 Be4 9. Nxe4 Nxe4 10. Bg2 Nd6 11. Qe2 e6 12. O-O-O Nd7 13. Bf4 Nf6 14. c4 Qa5
15. Nxc6 Qxa2 16. Bxd6 Bxd6 17. Ne5 Qa1+ 18. Kc2 Qa4+ 19. Kb1 Qb3 20. g5 Nd7
21. Rhe1 Nxe5 22. dxe5 Ba3 23. Rd3 1-0

[Event "DEM U12/U12w 2007"]
[Site "Willingen GER"]
[Date "2007.05.27"]
[Round "1"]
[White "Powierski, Emil"]
[Black "Große, Christian"]
[Result "1-0"]
[Termination "normal"]
[Board "18"]
[WhiteElo "1347"]
[BlackElo "1888"]
[PlyCount "99"]
[WhiteFideId "4656199"]
[BlackFideId "24646156"]
[EventCountry "GER"]
[EventRounds "11"]
[EventType "swiss"]
[EventDate "2007.05.26"]

1. e4 c5 2. Nf3 Nc6 3. d4 cxd4 4. Nxd4 Nf6 5. Nc3 e5 6. Ndb5 d6 7. Bg5 a6 8.
Na3 b5 9. Bxf6 gxf6 10. Nd5 Bg7 11. c3 O-O 12. Nc2 f5 13. exf5 Bxf5 14. Nce3
Be6 15. Bd3 f5 16. Qh5 e4 17. Bc2 Ne5 18. Rd1 Ra7 19. Nf4 Bc8 20. Bb3+ Kh8 21.
Be6 Rf6 22. Bxf5 Bxf5 23. Nxf5 Qf8 24. Nxg7 Rxg7 25. g3 Nf3+ 26. Ke2 Rg5 27.
Qh3 Ne5 28. Rhf1 Rh6 29. Qg2 Nf3 30. h4 Nxh4 31. Qh3 Nf5 32. Qg2 e3 33. fxe3
Nxg3+ 34. Kd2 Qe7 35. Kc2 Nxf1 36. Qxf1 Rh2+ 37. Kb1 Qe4+ 38. Nd3 Rf5 39. Qg1
Rg2 40. Qh1 Rff2 41. Ka1 Qxe3 42. Nxf2 Qxf2 43. Rb1 Kg7 44. Qh3 Rg6 45. Rf1 Rg1
46. Qd7+ Kg6 47. Qxd6+ Kg5 48. Qd5+ Kg4 49. Qg8+ Kh3 50. Qxg1 1-0

[Event "DEM U12/U12w 2007"]
[Site "Willingen GER"]
[Date "2007.05.27"]
[Round "1"]
[White "Pfeiffer, Daniel"]
[Black "Spiegelberg, Silvia"]
[Result "1-0"]
[Termination "normal"]
[Board "19"]
[WhiteElo "1707"]
[BlackElo "1347"]
[PlyCount "69"]
[WhiteFideId "24641960"]
[BlackFideId "24654450"]
[EventCountry "GER"]
[EventRounds "11"]
[EventType "swiss"]
[EventDate "2007.05.26"]

1. e4 c5 2. Nf3 Nc6 3. d4 cxd4 4. Nxd4 Nf6 5. Nc3 e5 6. Ndb5 d6 7. Nd5 Nxd5 8.
exd5 Nb8 9. c4 Nd7 10. Be2 a6 11. Nc3 Be7 12. O-O O-O 13. Kh1 f5 14. f4 Bf6 15.
Qc2 g6 16. b4 Qc7 17. Qb3 Re8 18. fxe5 Bxe5 19. Bf3 b5 20. c5 dxc5 21. d6+ c4
22. Qc2 Qb8 23. Bxa8 Qxa8 24. Bf4 Bf6 25. Rae1 Rxe1 26. Rxe1 Bb7 27. Re2 h5 28.
Qd2 Qd8 29. Nd5 Bh8 30. Ne7+ Kf7 31. Nd5 Kg8 32. Qe1 Nf6 33. Nxf6+ Qxf6 34.
Re8+ Kh7 35. Qe7+ 1-0

[Event "DEM U12/U12w 2007"]
[Site "Willingen GER"]
[Date "2007.05.27"]
[Round "1"]
[White "Hort, Max"]
[Black "Göbel, Constantin"]
[Result "1/2-1/2"]
[Termination "normal"]
[Board "20"]
[WhiteElo "1337"]
[BlackElo "1846"]
[PlyCount "88"]
[WhiteFideId "24600849"]
[BlackFideId "24647071"]
[EventCountry "GER"]
[EventRounds "11"]
[EventType "swiss"]
[EventDate "2007.05.26"]

1. e4 c5 2. b3 Nc6 3. Bb2 e6 4. Bd3 Nf6 5. f4 Be7 6. Ne2 Qb6 7. Nbc3 d5 8. exd5
exd5 9. Rb1 Qc7 10. O-O O-O 11. f5 Nb4 12. Nc1 c4 13. bxc4 dxc4 14. Be2 Bd6 15.
g3 Qc5+ 16. Kg2 Bxf5 17. Ba3 Bxc2 18. Bxb4 Bxd1 19. Bxc5 Bxe2 20. Rxf6 gxf6 21.
Bxd6 Rfd8 22. Be7 Rd7 23. Bxf6 Bg4 24. Bg5 Re8 25. Be3 b6 26. Rb4 Be6 27. Bh6
f5 28. Be3 Kf7 29. N1e2 Rc8 30. Nf4 Rc6 31. Kf3 Rb7 32. a4 Rd7 33. Nxe6 Kxe6
34. Kf4 Rg7 35. h3 Rf7 36. Rb5 Kd6 37. Rxf5 Ke6 38. Rxf7 Kxf7 39. Ke5 Ke7 40.
Kd5 Kd7 41. Bf4 Rc5+ 42. Ke4 Ke6 43. Be3 Rc7 44. Nb5 Rd7 1/2-1/2

[Event "DEM U12/U12w 2007"]
[Site "Willingen GER"]
[Date "2007.05.27"]
[Round "1"]
[White "Abdelrasek, Ahmed"]
[Black "Dehm, Tobias"]
[Result "1-0"]
[Termination "normal"]
[Board "21"]
[WhiteElo "1693"]
[BlackElo "1334"]
[PlyCount "41"]
[BlackFideId "24654272"]
[EventCountry "GER"]
[EventRounds "11"]
[EventType "swiss"]
[EventDate "2007.05.26"]

1. e4 d5 2. exd5 Nf6 3. d4 Nxd5 4. c4 Nf6 5. Nc3 Nc6 6. Be3 Bf5 7. Nf3 e6 8.
Bd3 Bg4 9. Be2 Bd6 10. O-O O-O 11. Re1 Re8 12. a3 Qe7 13. c5 Rad8 14. cxd6 Rxd6
15. h3 Bh5 16. d5 b6 17. Qa4 exd5 18. g4 Bg6 19. Bb5 Ne5 20. Nxe5 Qxe5 21. Bxe8
1-0

[Event "DEM U12/U12w 2007"]
[Site "Willingen GER"]
[Date "2007.05.27"]
[Round "1"]
[White "Kühnel, Lena"]
[Black "Müller, Alexander"]
[Result "0-1"]
[Termination "normal"]
[Board "22"]
[WhiteElo "1325"]
[BlackElo "1689"]
[PlyCount "92"]
[WhiteFideId "24640956"]
[BlackFideId "4624696"]
[EventCountry "GER"]
[EventRounds "11"]
[EventType "swiss"]
[EventDate "2007.05.26"]

1. e4 e5 2. Nf3 Nc6 3. Bc4 Bc5 4. c3 Nf6 5. d4 exd4 6. cxd4 Bb4+ 7. Bd2 Bxd2+
8. Nbxd2 d5 9. exd5 Nxd5 10. Qb3 Na5 11. Qa4+ c6 12. Bxd5 Qxd5 13. Rc1 Qb5 14.
Qxb5 cxb5 15. d5 O-O 16. b4 Nc4 17. Nxc4 bxc4 18. Rxc4 Rd8 19. Rd4 Rd6 20. O-O
b5 21. Rc1 Bb7 22. Rc5 a6 23. Ne5 Rad8 24. Rc7 Rxd5 25. Nf3 Rxd4 26. Nxd4 Rxd4
27. f3 Rxb4 28. Rxb7 g6 29. Re7 Rb2 30. a4 bxa4 31. Re3 Rb3 32. Re1 a3 33. Ra1
a5 34. Kf2 f5 35. Kg3 g5 36. h4 h6 37. hxg5 hxg5 38. Kf2 Kf7 39. g3 Ke6 40. f4
gxf4 41. gxf4 Kd5 42. Re1 Kc4 43. Re5 Rb5 44. Re3 a2 45. Ra3 Rb2+ 46. Ke3 Rb3+
0-1

[Event "DEM U12/U12w 2007"]
[Site "Willingen GER"]
[Date "2007.05.27"]
[Round "1"]
[White "Spangenberg, Romy"]
[Black "Neumair, Jerome"]
[Result "0-1"]
[Termination "normal"]
[Board "24"]
[WhiteElo "1307"]
[BlackElo "1680"]
[PlyCount "92"]
[WhiteFideId "4627997"]
[BlackFideId "24672637"]
[EventCountry "GER"]
[EventRounds "11"]
[EventType "swiss"]
[EventDate "2007.05.26"]

1. e4 e6 2. d4 d5 3. Nc3 Nf6 4. e5 Nfd7 5. f4 c5 6. Nf3 Nc6 7. Be3 cxd4 8. Nxd4
Be7 9. Bb5 Qc7 10. Qg4 g6 11. Qf3 a6 12. Bd3 Nc5 13. Nxc6 Nxd3+ 14. cxd3 bxc6
15. d4 c5 16. dxc5 Bxc5 17. Bxc5 Qxc5 18. Qf2 Qxf2+ 19. Kxf2 Rb8 20. b3 Bd7 21.
Rad1 Rb4 22. Ke3 Ke7 23. Rd4 Rxd4 24. Kxd4 Rb8 25. Rd1 Rb4+ 26. Ke3 g5 27. g3
gxf4+ 28. gxf4 Rb8 29. f5 Rg8 30. f6+ Kd8 31. Rd2 Rg4 32. Ne2 Re4+ 33. Kd3 Rxe5
34. Ng3 Rg5 35. Rf2 h5 36. Rf4 e5 37. Rh4 Bg4 38. h3 Bf5+ 39. Nxf5 Rxf5 40. Ke3
Kd7 41. a4 a5 42. Ke2 Kc6 43. Ke3 Kc5 44. Ke2 d4 45. Re4 Kb4 46. h4 Kxb3 0-1